Dr. S. R. Lasker Library Online Catalogue

Home      Library Home      Institutional Repository      E-Resources      MyAthens      EWU Home

The English novel : (Record no. 4167)

MARC details
000 -LEADER
fixed length control field 01770cam a2200373 a 4500
001 - CONTROL NUMBER
control field 4167
003 - CONTROL NUMBER IDENTIFIER
control field BD-DhEWU
005 - DATE AND TIME OF LATEST TRANSACTION
control field 20140630175509.0
008 - FIXED-LENGTH DATA ELEMENTS--GENERAL INFORMATION
fixed length control field 031211s2005 mau g b 001 1 eng
020 ## - INTERNATIONAL STANDARD BOOK NUMBER
International Standard Book Number 1405117079 (pbk. : alk. paper)
International Standard Book Number 1405117060 (alk. paper)
International Standard Book Number 9781405117067
International Standard Book Number 9781405117074
035 ## - SYSTEM CONTROL NUMBER
System control number (OCoLC)53937778
040 ## - CATALOGING SOURCE
Original cataloging agency DLC
Transcribing agency DLC
Modifying agency DLC
-- BD-DhEWU
Language of cataloging eng
041 ## - LANGUAGE CODE
Language code of text/sound track or separate title eng
050 00 - LIBRARY OF CONGRESS CALL NUMBER
Classification number PR821
Item number .E15 2005
082 00 - DEWEY DECIMAL CLASSIFICATION NUMBER
Classification number 823.009
Item number EAE 2005
100 1# - MAIN ENTRY--PERSONAL NAME
Personal name Eagleton, Terry
9 (RLIN) 12230
245 14 - TITLE STATEMENT
Title The English novel :
Remainder of title an introduction /
Statement of responsibility, etc by Terry Eagleton.
260 ## - PUBLICATION, DISTRIBUTION, ETC. (IMPRINT)
Place of publication, distribution, etc Malden, MA :
Name of publisher, distributor, etc Blackwell Pub.,
Date of publication, distribution, etc c2005.
300 ## - PHYSICAL DESCRIPTION
Extent ix, 365 p. ;
Dimensions 24 cm.
504 ## - BIBLIOGRAPHY, ETC. NOTE
Bibliography, etc Includes bibliographical references (p. 338-341) and index.
505 ## - FORMATTED CONTENTS NOTE
Formatted contents note What is a novel? --<br/>Daniel Defoe and Jonathan Swift --<br/>Henry Fielding and Samuel Richardson --<br/>Laurence Stern --<br/>Walter Scott and Jane Austen --<br/>The Bronts --<br/>Charles Dickens --<br/>George Eliot --<br/>Thomas Hardy --<br/>Henry James --<br/>Henry James --<br/>Joseph Conrad --<br/>D.H. Lawrence --<br/>James Joyce --<br/>Virginia Woolf --<br/>Postscript: after the Wake.
Title TOC
520 ## - SUMMARY, ETC.
Summary, etc Written by one of the world's leading literary theorists, this book provides a wide-ranging, accessible and humorous introduction to the English novel from Daniel Defoe to the present day.
526 ## - STUDY PROGRAM INFORMATION NOTE
Program name English
590 ## - LOCAL NOTE (RLIN)
Local note Abdul Gani
650 #0 - SUBJECT ADDED ENTRY--TOPICAL TERM
Topical term or geographic name as entry element English fiction
General subdivision History and criticism.
9 (RLIN) 14054
653 ## - INDEX TERM--UNCONTROLLED
Uncontrolled term English fiction.
856 41 - ELECTRONIC LOCATION AND ACCESS
Materials specified Table of contents
Uniform Resource Identifier http://www.loc.gov/catdir/toc/ecip0412/2003026893.html
Materials specified WorldCat details
Uniform Resource Identifier https://www.worldcat.org/title/english-novel-an-introduction/oclc/53937778&referer=brief_results
942 ## - ADDED ENTRY ELEMENTS (KOHA)
Source of classification or shelving scheme Dewey Decimal Classification
Koha item type Text
Holdings
Withdrawn status Lost status Source of classification or shelving scheme Damaged status Not for loan Collection code Home library Current library Shelving location Date acquired Source of acquisition Cost, normal purchase price Total Checkouts Total Renewals Full call number Barcode Date last seen Date checked out Copy number Koha item type
    Dewey Decimal Classification   Not For Loan Fiction Dr. S. R. Lasker Library, EWU Dr. S. R. Lasker Library, EWU Reserve Section 02/08/2005 Bangaldesh Photostat 524.00 5   823.009 EAE 2005 15617 06/03/2013 25/02/2013 C-2 Text
    Dewey Decimal Classification   Not For Loan Fiction Dr. S. R. Lasker Library, EWU Dr. S. R. Lasker Library, EWU Reserve Section 02/08/2005 Karim International 1499.00     823.009 EAE 2005 15616     C-1 Text